000 00663nam a2200265Ia 4500
003 OSt
005 20221006155747.0
006 a|||||r|||| 00| 0
007 ta
008 221006b |||||||| |||| 00| 0 kor d
020 _a9788973162550
_cW12000
024 _a43,424
037 _cTextual
040 _aEASL
_cEASL
_bkor
041 _2kor
_akor
082 _aP495, P5
100 _aPark Sunja
_9670289
245 0 _aWuri Malbongwa Yinji
260 _aBusan
_bBusan Deahakgyo Chulpanbu Korea
_c2005
300 _a252p.
_ccm.
490 _v KL
650 _aKL
942 _hP495, P5
_cTEXL
_2CC
999 _c1111510
_d1111510